000 01132nam a2200301 i 4500
001 000039125
003 DO-SdBNP
005 20250912140612.0
007 ta
008 250912s2013 dr co 001 0 spa d
040 _aDO-SdBNP
_bspa
_cBNPHU
_erda
041 _aspa
082 _a230.0711
_bS127o, 2013
_222
100 1 _a Sáez , José Luis
_d1937-
_eautor
_4aut.
_9620
245 1 3 _aLa otra historia del Seminario Pontificio Santo Tomas de Aquino :
_bapuntes para una nueva historia del Centro Educativo más antiguo del país /
250 _aPrimera edición
264 _aSanto Domingo :
_bEditora Búho,
_c2013.
300 _a166 páginas ;
_bretratos, fotografías
_c22 cm.
336 _atexto
_btxt
_2rdacontent
337 _asin mediación
_bn
_2rdamedia
338 _avolumen
_bnc
_2rdacarrier
500 _aIncluye índice
500 _aIncluye notas al pie de las páginas
590 _aInventariado, 2025/ YL
856 2 _yhttps://catalogo.academiadominicanahistoria.org.do/opac-tmpl/files/libros/Saez-JoseL-LaOtraHistoriadelSeminarioPontificioSantoTomasdeAquino.pdf
910 _aYLockward
942 _2ddc
_cLBS1
999 _c38615
_d38615